|
|
|
|
| LEADER |
00000cam a2200000 a 4500 |
| 001 |
vtls011565190 |
| 003 |
SK-MaSNL |
| 005 |
20260301092422.0 |
| 008 |
240318s2016 xo h g 000 0dslo |
| 015 |
|
|
|a SNBA2016/08
|
| 020 |
|
|
|a 9788089676989
|q (brož.)
|
| 035 |
|
|
|a 9BCB189A-E574-4B3A-ACE3-0FCC2F77B2C4
|
| 035 |
|
|
|a urn:nbn:sk:snk-amtgu5
|
| 035 |
|
|
|a urn:nbn:sk:snk-am00bwxt
|
| 040 |
|
|
|a SNK
|b slo
|c SNK
|e AACR2
|
| 041 |
1 |
|
|a slo
|h spa
|
| 044 |
|
|
|a xo
|c SK
|
| 072 |
|
7 |
|a 27-4
|x Praktická teológia. Morálna teológia
|2 konspekt
|
| 080 |
|
|
|a 27-184
|2 2011
|
| 080 |
|
|
|a 27-4
|2 2011
|
| 080 |
|
|
|a 27-584
|2 2011
|
| 080 |
|
|
|a (0:82-32)
|2 2011
|
| 100 |
1 |
|
|a Polo, Gloria
|4 aut
|9 423239
|
| 245 |
1 |
0 |
|a Stála som pri bráne neba a pekla
|c Gloria Polo ; [preklad Anna Melicherová]
|
| 250 |
|
|
|a 2. vyd.
|
| 260 |
|
|
|a Doľany
|b ZAEX - Náboženská literatúra
|c 2016
|
| 300 |
|
|
|a 59, [2] s.
|b faks.
|c 21 cm
|
| 500 |
|
|
|a Preložené pravdepodobne zo španielčiny
|
| 650 |
0 |
7 |
|a Boh a človek
|2 SNKPH
|9 1711
|
| 650 |
0 |
7 |
|a kresťanský život
|2 SNKPH
|9 1808
|
| 650 |
0 |
7 |
|a duchovný život
|2 SNKPH
|9 1807
|
| 650 |
0 |
7 |
|a Relations between God and man
|2 SNKPHeng
|9 303193
|
| 650 |
0 |
7 |
|a Christian life
|2 SNKPHeng
|9 265582
|
| 650 |
0 |
7 |
|a Spiritual life
|2 SNKPHeng
|9 265583
|
| 655 |
|
7 |
|a skutočné príbehy
|2 SNKPH
|9 86728
|
| 655 |
|
7 |
|a Stories
|2 SNKPHeng
|9 265785
|
| 700 |
1 |
|
|a Melicherová, Anna
|4 trl
|9 423240
|
| 852 |
|
|
|a Štátna vedecká knižnica v Banskej Bystrici
|
| 919 |
|
|
|a 978-80-89676-98-9
|
| 958 |
|
|
|a NT
|
| 958 |
|
|
|a OP
|
| 968 |
|
|
|b ESP
|
| 999 |
|
|
|c 673921
|d 675851
|
| 952 |
|
|
|a SNK
|b SNK
|y PREZ
|7 0
|p 17A1200146
|o snkSC 170818
|i snk2016/18557
|8 0
|0 0
|1 0
|4 0
|d 2016-08-03
|f 1
|l 0
|r 2025-09-08 00:00:00
|w 2026-02-23
|
| 952 |
|
|
|a SNK
|b SNK
|y VYP
|7 0
|p 17A1200147
|o snkSC 170818 D1
|i snk2016/18558
|8 0
|0 0
|1 0
|4 0
|d 2016-08-03
|l 0
|r 2026-02-23 19:34:40
|w 2026-02-23
|